[Event "Biel"]
[Site "36"]
[Date "2003.07.30"]
[Round "9"]
[White "Morozevich, Alexander"]
[Black "Kortschnoj, Viktor"]
[Result "1-0"]
[WhiteElo "2679"]
[BlackElo "2628"]
[Annotator "JvR"]
[PlyCount "39"]
[EventDate "2003.07.21"]
[SourceDate "2013.10.27"]

1. e4 e6 2. d4 d5 3. Nc3 Nf6 4. Bg5 Be7 5. e5 Nfd7 6. h4 c5 7. Bxe7 Kxe7 8.
dxc5 Qc7 9. f4 Qxc5 10. Qd2 Nc6 11. Nf3 Nb6 12. a3 $5 {White has a plus.} ({
Known is} 12. O-O-O) 12... a5 13. h5 h6 14. O-O-O Bd7 15. Kb1 a4 16. Rh3 Rac8
17. Nb5 $5 Rhd8 $2 ({Correct is} 17... Nxe5 18. Nxe5 Bxb5 19. Bxb5 Qxb5 20. f5
{and White keeps an advantage.}) 18. Nd6 $1 Rb8 19. Rg3 Kf8 20. Qd3 {Kortschnoj
had participated for the last time in the main group at the age of 72.} (20.
Qd3 Kg8 21. Nxf7 $1 {wins for White (Pelletier).}) 1-0

[Event "Biel"]
[Site "36"]
[Date "2003.07.31"]
[Round "10"]
[White "Lutz, Christopher"]
[Black "Morozevich, Alexander"]
[Result "0-1"]
[WhiteElo "2631"]
[BlackElo "2679"]
[Annotator "JvR"]
[PlyCount "62"]
[EventDate "2003.07.21"]
[SourceDate "2013.10.27"]

1. e4 e6 2. d4 d5 3. Nc3 Nf6 4. Bg5 dxe4 5. Nxe4 Be7 6. Bxf6 gxf6 7. Nf3 a6 8.
c4 f5 9. Nc3 Bf6 10. Qd2 c5 11. d5 O-O 12. O-O-O Bg7 13. Kb1 $5 (13. h4 {
was played in Shirov - Morozevich, Astana 2001.}) 13... exd5 14. Nxd5 Nc6 15.
h4 b5 16. h5 $1 h6 17. Rh3 $6 ({Preferable is} 17. Qe3 Nd4 18. Ne7+ Kh8 19.
Nxc8 Rxc8) 17... f4 $1 18. Qxf4 $6 {White sacrifices an exchange.} ({Better is
} 18. Rh4) 18... Bxh3 19. gxh3 Kh8 20. Rd2 bxc4 21. Bxc4 Rb8 22. a3 $6 ({
More solid is} 22. b3) 22... Na5 23. Ba2 $6 Rb7 $1 24. Qa4 Qc8 25. Ne3 ({
The pointe is} 25. Qxa5 Qf5+ 26. Ka1 Qxf3) 25... Rb5 26. Qe4 Qb8 27. Nd1 Nb3
28. Bxb3 Rxb3 29. Ka2 c4 30. Nd4 Rd8 $1 31. Ka1 Rd3 $1 {Lutz was no match for
Morozevich. The final standings became: Morozevich 8/10, Bacrot and Smirin 61/
2, Pelletier 4, Lutz 5, Kortschnoj 2. A pleasant surprise was the
participation by the 13-years-old Sergei Karjakin in the Open Group.} 0-1

[Event "Biel"]
[Site "37"]
[Date "2004.07.19"]
[Round "1"]
[White "Morozevich, Alexander"]
[Black "McShane, Luke"]
[Result "1-0"]
[WhiteElo "2743"]
[BlackElo "2643"]
[Annotator "JvR"]
[PlyCount "83"]
[EventDate "2004.07.19"]
[SourceDate "2013.10.27"]

{The thirty-seventh Schachfestival was played from 19 until 29 vii 2004. Six
grandmasters carried out double rounds. The decided games by Morozevich and
Sasikiran have been selected.} 1. e4 c5 2. Nf3 Nc6 3. Nc3 Nf6 4. h3 d6 5. g3 g6
6. Bg2 Bg7 7. O-O O-O 8. d3 Rb8 9. Be3 b5 10. Qd2 b4 11. Nd1 Ba6 12. Bh6 $5 {
Morozevich opens quietly.} c4 13. Bxg7 Kxg7 14. dxc4 Bxc4 15. Re1 Qa5 16. Ne3
Be6 17. Ng5 $1 {The knight is poisoned.} Qe5 18. f4 $1 Qc5 ({Not} 18... Qxb2 $2
19. e5 dxe5 20. Bxc6) 19. Qf2 Rb5 20. Rac1 Bd7 $1 (20... Bxa2 $5 21. b3 {
imprisons the bishop.}) 21. Nd1 Rc8 22. Nf3 e5 $1 {
McShane has achieved a positional advantage.} 23. c4 Ra5 24. Qxc5 dxc5 25. fxe5
Nh5 26. Nf2 $6 ({Preferable is} 26. Kh2 Rxa2 27. Re2) 26... Nxg3 27. Nd3 Rd8
28. Kf2 Nh5 29. Ke3 Be6 $6 (29... Rxa2 {grabs a pawn.}) 30. Rc2 Rxa2 $2 (30...
Rxd3+ $1 31. Kxd3 Rxa2 {keeps an advantage.}) 31. Nxc5 b3 32. Rf2 Nb4 $2 ({
Better is} 32... Bxc4 33. Rc1 Bb5 34. Bf1 Bxf1 35. Rcxf1 {(Ftacnik).}) 33.
Nxe6+ fxe6 34. Nd4 Ra6 35. Rc1 g5 36. Bf1 Nf4 37. c5 Ra4 38. Bb5 Ra5 39. c6
Rxd4 40. Kxd4 Nc2+ 41. Rfxc2 bxc2 42. c7 $1 {
Morozevich was the dominant player again.} 1-0

[Event "Biel"]
[Site "37"]
[Date "2004.07.19"]
[Round "1"]
[White "Sasikiran, Krishnan"]
[Black "Pelletier, Yannick"]
[Result "1-0"]
[WhiteElo "2666"]
[BlackElo "2597"]
[Annotator "JvR"]
[PlyCount "81"]
[EventDate "2004.07.19"]
[SourceDate "2013.10.27"]

1. d4 d5 2. c4 c6 3. Nf3 Nf6 4. e3 Bf5 5. Nc3 e6 6. Nh4 Bg6 7. Nxg6 hxg6 8. g3
Nbd7 9. Bg2 dxc4 10. Qe2 Rc8 $5 11. a4 Qa5 12. Qxc4 b5 $5 {
He affects the pawn structure on the queenside.} 13. Qe2 b4 14. Ne4 Nxe4 15.
Bxe4 c5 16. Qb5 $1 Qc7 $5 17. a5 Rh5 $6 (17... Be7 18. O-O O-O {
completes the development.}) 18. Bf3 Rf5 19. Be4 Rh5 20. Qa4 cxd4 $6 ({
Better is} 20... Be7 21. Bd2 Kf8) 21. exd4 Qc4 22. Be3 $1 b3 23. Qxc4 Rxc4 24.
Ke2 Bb4 25. a6 Nb6 26. Bd3 Rc7 27. Rhc1 $1 Kd7 $2 (27... Re7 $1 {
avoids a disaster.}) 28. d5 $1 {The position is opened decisively.} Nxd5 29.
Rxc7+ Nxc7 30. Bxa7 Ra5 31. Rxa5 Bxa5 32. Bd4 f6 33. a7 e5 34. Be3 f5 35. Bc4
Kc6 36. Bxb3 Bb6 37. Bd5+ $1 {An elegant finish occurs.} Kxd5 38. Bxb6 Na8 39.
Bd8 Kc4 40. Be7 Kb3 41. Bf8 {Sasikiran won a fine endgame.} 1-0

[Event "Biel"]
[Site "37"]
[Date "2004.07.20"]
[Round "2"]
[White "Morozevich, Alexander"]
[Black "Bacrot, Etienne"]
[Result "1-0"]
[WhiteElo "2743"]
[BlackElo "2712"]
[Annotator "JvR"]
[PlyCount "61"]
[EventDate "2004.07.19"]
[SourceDate "2013.10.27"]

1. e4 e5 2. Nf3 Nc6 3. Bb5 a6 4. Ba4 Nf6 5. d3 b5 6. Bb3 Be7 7. c3 O-O 8. Nbd2
d5 9. O-O Bb7 10. Re1 dxe4 11. dxe4 Bc5 12. h3 Nh5 $2 {
This knight is needed in the central area.} ({Theory is} 12... Qe7) 13. Bd5 $1
Qf6 14. a4 Nf4 15. Nb3 $1 Bb6 16. Bxf4 Qxf4 17. Qe2 bxa4 $5 {
The pawn structure has been opened.} 18. Rxa4 Rfd8 $6 ({Preferable is} 18...
Qf6) 19. Rc4 $1 Rd6 20. Nc5 $1 Bxc5 21. Rxc5 Rad8 22. b4 Rg6 23. Qe3 $1 Rgd6
24. Qxf4 $5 exf4 {White dominates the game.} 25. Ra1 Kf8 26. c4 Rb8 $5 27. Rb1
Ba8 28. e5 Rh6 29. e6 $1 Rb6 30. exf7 Rh5 31. Re1 $1 {
Morozevich won his second game too and took the lead.} 1-0

[Event "Biel"]
[Site "37"]
[Date "2004.07.20"]
[Round "2"]
[White "Ponomariov, Ruslan"]
[Black "Sasikiran, Krishnan"]
[Result "1-0"]
[WhiteElo "2722"]
[BlackElo "2666"]
[Annotator "JvR"]
[PlyCount "123"]
[EventDate "2004.07.19"]
[SourceDate "2013.10.27"]

1. e4 e5 2. Nf3 Nc6 3. Bb5 a6 4. Ba4 Nf6 5. O-O Be7 6. Re1 b5 7. Bb3 d6 8. c3
O-O 9. h3 Nb8 10. d4 Nbd7 11. Nbd2 Bb7 12. Bc2 Re8 13. a4 Bf8 14. Bd3 c6 15. b3
g6 16. Bf1 Qc7 $5 17. Bb2 Rac8 18. Qc2 Qb8 $6 ({More useful is} 18... Bh6 $1)
19. g3 Bg7 20. Rad1 Ba8 $5 21. axb5 axb5 $5 22. b4 c5 $6 {
He should oppose in the centre.} ({Preferable is} 22... d5 $1 23. exd5 Nxd5 24.
dxe5 Nxe5) 23. bxc5 exd4 24. cxd4 dxc5 25. d5 $1 c4 $1 {Both sides advance.}
26. Bc3 Qc7 27. Rb1 Rb8 28. Qa2 Nxe4 $2 {
Sasikiran makes an optimistic sacrifice.} ({Better is} 28... Nh5 $1 29. Bxg7
Nxg7 {(Ponomariov).}) 29. Nxe4 Bxd5 30. Bxg7 Bxe4 $6 ({More solid is} 30...
Kxg7 31. Qa1+ f6 32. Qd4 Qc6) 31. Rxe4 $1 Rxe4 32. Bc3 {
The passed pawns are stopped.} Re6 33. Qd2 $1 f6 34. Qd5 Qc6 35. Qxc6 Rxc6 36.
Nd4 Rc5 37. Rxb5 $1 Rbxb5 38. Nxb5 Ne5 39. Nd6 Kg7 40. f4 Nd7 41. Nxc4 h5 42.
Kf2 Rc6 43. Bd4 Nc5 44. Kf3 Ne6 45. Bb2 Kf7 46. Ne3 Nc7 47. Bc4+ Kg7 48. Ke4
Ne8 49. Bd4 Rc7 50. Kd3 Rd7 51. Bb5 {White advances slowly.} Rd8 52. Bxe8 Rxe8
53. Nd5 Re6 54. Nxf6 $1 Rxf6 55. g4 hxg4 56. hxg4 Kf7 57. Bxf6 Kxf6 58. Kd4 Ke6
59. Kc5 Ke7 60. Kd5 Kd7 61. Ke5 Ke7 62. g5 $1 {Ponomariov wins the pawn ending.
} 1-0

[Event "Biel"]
[Site "37"]
[Date "2004.07.22"]
[Round "4"]
[White "Sasikiran, Krishnan"]
[Black "McShane, Luke"]
[Result "1-0"]
[WhiteElo "2666"]
[BlackElo "2643"]
[Annotator "JvR"]
[PlyCount "159"]
[EventDate "2004.07.19"]
[SourceDate "2013.10.27"]

1. d4 Nf6 2. Nf3 g6 3. Bg5 Bg7 4. Nbd2 O-O 5. c3 d5 6. e3 Nbd7 7. Be2 b6 8. Bh4
Bb7 9. O-O c5 10. a4 a6 11. b4 c4 12. b5 $5 Ne8 13. Bg3 e6 $5 14. Qc2 f5 $6 {
Black weakens square e5.} 15. Qb2 a5 $5 16. Ne5 Bxe5 17. Bxe5 Nxe5 18. dxe5 Qc7
19. f4 g5 $2 ({Better is} 19... Qc5 $1 20. Rf3 g5 $1 21. fxg5 Qc7 {
and the white pawn structure has been crippled.}) 20. Nf3 g4 21. Nd4 Ng7 22. h3
h5 23. Kf2 Kf7 24. Rh1 Rh8 25. Rh2 Rag8 26. hxg4 hxg4 27. Rah1 Qd8 28. Rh6 $1
Rxh6 29. Rxh6 Rh8 30. Rf6+ $1 {This manoeuvre decides the game.} Kg8 31. Qa3
Rh1 32. g3 Qe8 33. Bf1 Bc8 34. Bg2 Rd1 35. Qd6 Bd7 $2 (35... Rd2+ 36. Ne2 Bd7 {
offers more resistance.}) 36. Rh6 $1 {He prevents counter-play.} Qf7 37. Bf1
Ra1 38. Qxb6 Qe7 39. Qxa5 Be8 40. Be2 Qa3 41. Nc2 Qxa4 42. Qxa4 Rxa4 43. Nd4
Ra2 44. b6 Bd7 ({Or} 44... Rb2 45. Nxe6 Rxb6 46. Nxg7 Rxh6 47. Nxe8 {(Finkel).}
) 45. e4 $1 dxe4 46. Ke3 Rb2 47. Bxc4 Rxb6 48. Rf6 Rb2 49. Nxf5 $1 Nxf5+ 50.
Rxf5 Rc2 51. Rg5+ Kf7 52. Rxg4 Rxc3+ 53. Kd4 Ra3 54. Kxe4 Ba4 55. Kd4 Bc2 56.
Rg5 Rf3 57. Be2 $1 Ra3 58. Bh5+ Kf8 59. Bg6 Bd1 60. Bd3 Ra4+ 61. Ke3 Ra3 62.
Kd2 Bf3 63. Bc4 Ke7 64. Rg7+ Kf8 65. Rg6 Bh5 66. Rg5 Bf7 67. g4 Ra5 68. Kc3
Ra3+ 69. Kd4 Ra4 70. Kc5 Ra5+ 71. Kb4 Ra1 72. f5 Rb1+ 73. Kc5 Rc1 74. f6 Re1
75. Kd4 Rd1+ 76. Bd3 Ra1 77. Rg7 Ra4+ 78. Bc4 Ra1 79. g5 Rd1+ 80. Bd3 {
McShane lost his fourth game in a row. The standings after one cycle became:
Morozevich 31/2/5, Sasikiran 3, Ponomariov, Bacrot and Pelletier 21/2, McShane
1.} 1-0

[Event "Biel"]
[Site "37"]
[Date "2004.07.25"]
[Round "6"]
[White "Pelletier, Yannick"]
[Black "Sasikiran, Krishnan"]
[Result "0-1"]
[WhiteElo "2597"]
[BlackElo "2666"]
[Annotator "JvR"]
[PlyCount "54"]
[EventDate "2004.07.19"]
[SourceDate "2013.10.27"]

1. e4 e5 2. Nf3 Nc6 3. Bb5 a6 4. Ba4 Nf6 5. O-O Be7 6. Re1 b5 7. Bb3 d6 8. c3
O-O 9. h3 Na5 10. Bc2 c5 11. d4 Qc7 12. Nbd2 Rd8 13. Nf1 cxd4 14. cxd4 exd4 15.
Nxd4 d5 16. e5 Ne4 17. f3 Bc5 18. Be3 Nc4 19. Nb3 $2 ({Better is} 19. fxe4 dxe4
20. Bxe4 {(Hellers - Z.Polgar, Adelaide 1988).}) 19... d4 $1 {
He counters in the centre.} 20. Bxd4 $2 ({Preferable is} 20. Bxe4 dxe3 21. Qc1
e2+ {(Ftacnik).}) 20... Rxd4 $1 {The game has been decided.} 21. Nxd4 Nxb2 22.
Qc1 Bxd4+ 23. Kh2 Nc5 24. Qf4 Bc3 25. Re3 Nbd3 $1 26. Bxd3 Nxd3 27. Rxd3 Bxa1 {
Sasikiran joined the lead with Morozevich.} 0-1

[Event "Biel"]
[Site "37"]
[Date "2004.07.26"]
[Round "7"]
[White "Bacrot, Etienne"]
[Black "Morozevich, Alexander"]
[Result "0-1"]
[WhiteElo "2712"]
[BlackElo "2743"]
[Annotator "JvR"]
[PlyCount "90"]
[EventDate "2004.07.19"]
[SourceDate "2013.10.27"]

1. e4 e5 2. Nf3 Nc6 3. Bb5 Nd4 4. Nxd4 exd4 5. O-O Bc5 6. d3 c6 7. Ba4 d6 8.
Nd2 Ne7 9. c3 Bb6 10. Qh5 $5 ({Known is} 10. Nf3 dxc3 11. bxc3) 10... dxc3 11.
bxc3 O-O 12. d4 Be6 $1 13. Nf3 f6 14. Bb3 Qd7 15. Re1 Rae8 {
Black defends accurately.} 16. Ba3 Ng6 17. Nh4 Nxh4 18. Qxh4 Bxb3 19. axb3 Re6
20. Re3 Rfe8 21. Rae1 d5 $1 22. h3 {The position has become equal.} Bc7 23. Qg4
h5 $5 24. Qf3 ({The pointe is} 24. Qxh5 Rxe4 25. Rxe4 Rxe4 26. Rxe4 dxe4) 24...
dxe4 25. Rxe4 Rxe4 26. Rxe4 Rxe4 27. Qxe4 Kf7 28. Qe2 g6 29. c4 $5 {
Bacrot shows ambition.} Bb6 ({Not} 29... Qxd4 $2 30. Qe7+ Kg8 31. Qf8+ $1) 30.
d5 cxd5 31. cxd5 Qe8 32. Qd1 $2 ({Better is} 32. Qd2 $1 Qe5 33. Qb4 {
and equality.}) 32... Qe5 33. d6 $6 {The d-pawn becomes a target.} ({Correct is
} 33. Kf1 $1 Qh2 34. Qf3 Qh1+ 35. Ke2 Qa1 36. Bb4 $1) 33... Ke8 $1 34. Bb4 (34.
d7+ $2 Kd8 35. Bb4 Qf5 {costs a pawn (Finkel).}) 34... a5 35. Ba3 Kd7 36. Qf3
$2 (36. h4 $5 Bd4 37. Qc2 Qe1+ 38. Kh2 Be5+ 39. g3 Bxd6 40. Bxd6 Kxd6 41. Qd3+
{offers more resistance.}) 36... Qa1+ 37. Kh2 Qxa3 38. Qxb7+ Ke6 39. Qe7+ ({
The pointe is} 39. Qxb6 Qxd6+ 40. Qxd6+ Kxd6 {and Black wins the pawn ending.})
39... Kd5 40. Qb7+ Ke6 41. Qe7+ Kf5 $1 42. g4+ hxg4 43. hxg4+ Kg5 44. f4+ Kxg4
45. Qe6+ Kf3 {Morozevich grabbed a piece in the endgame.} 0-1

[Event "Biel"]
[Site "37"]
[Date "2004.07.26"]
[Round "7"]
[White "Sasikiran, Krishnan"]
[Black "Ponomariov, Ruslan"]
[Result "1-0"]
[WhiteElo "2666"]
[BlackElo "2722"]
[Annotator "JvR"]
[PlyCount "65"]
[EventDate "2004.07.19"]
[SourceDate "2013.10.27"]

1. d4 d5 2. c4 c6 3. Nf3 Nf6 4. Nc3 e6 5. Bg5 h6 6. Bh4 dxc4 7. e4 g5 8. Bg3 b5
9. Be2 Bb7 10. Ne5 Bg7 11. f4 $6 ({Theory is} 11. h4) 11... Nfd7 12. Nxf7 $5 {
Sasikiran starts a great adventure.} ({An alternative is} 12. Bh5 Nxe5 13. fxe5
) 12... Kxf7 13. Bh5+ Ke7 $2 (13... Kg8 $1 14. O-O Kh7 15. fxg5 Rf8 {
gains an advantage (Sasikiran).}) 14. e5 Qb6 15. fxg5 $6 ({Preferable is} 15.
O-O $5) 15... Kd8 16. Qg4 Bxe5 $2 {Black gives up his material edge.} ({
Better is} 16... c5 $1 17. d5 $1 exd5 18. e6 Ne5) 17. dxe5 Qe3+ 18. Qe2 Qxe2+
19. Bxe2 Na6 20. Ne4 Nac5 21. Nxc5 Nxc5 22. O-O-O+ Kc7 23. Rhf1 hxg5 24. Rf7+
Kb6 25. Bf2 $1 Rab8 ({Or} 25... Rxh2 26. Rxb7+ $1) 26. b4 cxb3 27. axb3 a5 28.
Rd2 Rhf8 29. Rf6 Rfd8 30. Rc2 Rd5 31. Rxe6 Bc8 32. Re8 g4 33. h4 $1 {The black 
pieces are pinned. Sasikiran and Morozevich shared the lead after seven rounds.
} 1-0

[Event "Biel"]
[Site "37"]
[Date "2004.07.27"]
[Round "8"]
[White "Morozevich, Alexander"]
[Black "Sasikiran, Krishnan"]
[Result "1-0"]
[WhiteElo "2743"]
[BlackElo "2666"]
[Annotator "JvR"]
[PlyCount "69"]
[EventDate "2004.07.19"]
[SourceDate "2013.10.27"]

{The decisive game of the tournament was played in round eight.} 1. e4 e5 2.
Nf3 Nc6 3. Bb5 a6 4. Ba4 Nf6 5. O-O Be7 6. Re1 b5 7. Bb3 d6 8. c3 O-O 9. h3 Nb8
10. d4 Nbd7 11. Nbd2 Bb7 12. Bc2 Re8 13. a4 Bf8 14. Bd3 c6 15. b3 g6 16. Bb2
Qb6 17. c4 $5 ({Known is} 17. Qc2) 17... Nh5 ({A novelty will become} 17...
bxc4 $5 18. Nxc4 Qc7) 18. b4 Bg7 19. c5 $1 {Morozevich plays for a win.} Qc7 $1
20. cxd6 $5 Qxd6 21. dxe5 Qxb4 $1 {Sasikiran counters aggressively.} 22. Ba3
Qc3 23. Bd6 Nxe5 24. Ra3 Qb2 {He also wants to win.} 25. Rb3 Qa2 $6 (25...
Nxf3+ 26. Nxf3 Qa2 27. e5 Bf8 {brings chances for both parties.}) 26. Nxe5 $6 (
26. Bxe5 $5 Rxe5 27. Nxe5 Bxe5 28. Nf3 {is better for White.}) 26... Bxe5 27.
Bxe5 Rxe5 28. Nc4 $1 {White charges.} Re7 $4 ({Right is} 28... bxc4 $1 29. Bxc4
Qxa4 30. Bxf7+ $1 Kh8 $1 31. Rxb7 Qxd1 32. Rxd1 Rxe4 33. Rdd7 {
and White has the initiative (Morozevich).}) 29. Ra3 $1 {
The black queen has been caught.} bxc4 30. Rxa2 Rd8 31. Rd2 Red7 32. Qf3 Rxd3
33. Rxd3 Rxd3 34. Re3 Rd7 35. Qe2 {Morozevich took the lead by one point.} 1-0

[Event "Biel"]
[Site "37"]
[Date "2004.07.27"]
[Round "8"]
[White "Ponomariov, Ruslan"]
[Black "Pelletier, Yannick"]
[Result "0-1"]
[WhiteElo "2722"]
[BlackElo "2597"]
[Annotator "JvR"]
[PlyCount "80"]
[EventDate "2004.07.19"]
[SourceDate "2013.10.27"]

1. e4 c5 2. Nf3 e6 3. d4 cxd4 4. Nxd4 Nc6 5. Nc3 Qc7 6. Be3 Nf6 7. f4 Bb4 8.
Ndb5 Qa5 9. Bd2 a6 10. e5 axb5 11. exf6 Bxc3 12. bxc3 gxf6 $1 ({Known is} 12...
g6) 13. Qg4 $1 {Ponomariov plays the thematic move.} b4 14. Qg7 Rf8 15. Qxf6
bxc3 16. Bxc3 $5 {An exchange of queens equalises.} Qc5 17. Bd3 b6 18. Bxh7 {
The capture of this pawn took a lot of time.} Ra4 $5 ({Preferable is} 18... Ra3
19. Bb2 Qe3+ 20. Kd1 Ra5 21. Bd3 Rd5) 19. O-O-O $1 {White has to counter.} Nb4
$1 (19... Rxa2 $2 20. Rhe1 Ra3 21. Bb2 Re3 22. f5 {brings a white attack.}) 20.
Bb2 Bb7 $5 21. Rhe1 Nxa2+ 22. Kb1 Bd5 $1 (22... Nb4 $2 23. Rxe6+ $1 {
leads to mate.}) 23. Rxd5 $2 (23. f5 $1 Nb4 24. Rd2 $1 Ba2+ 25. Kc1 Nd5 26.
fxe6 $1 dxe6 27. Qg7 {favours White.}) 23... Qxd5 24. c3 $2 (24. f5 $1 Rf4 25.
Qe5 Qxe5 26. Bxe5 Rh4 27. fxe6 Rxh7 28. exd7+ Kxd7 29. Kxa2 {
fights for the last chance.}) 24... Qd2 $1 25. Qe5 f5 $1 {He threatens ..Qd3+.}
26. Bg6+ Kd8 27. Qe3 Qxe3 28. Rxe3 {Black has an extra exchange in the endgame.
} Rh8 29. Rh3 Rxh3 30. gxh3 Rxf4 $1 {He gives the knight for a number of pawns.
} 31. Bh5 $5 Rh4 32. Bd1 Rxh3 33. Kxa2 f4 34. Bg4 Rh4 35. Bd1 Rxh2 36. Kb3 e5
37. Bf3 Rh3 38. Bg2 Rg3 39. Bf1 f3 40. c4 Rg1 {
Pelletier lives in Biel. The local hero scores well.} 0-1

[Event "Biel"]
[Site "37"]
[Date "2004.07.28"]
[Round "9"]
[White "Pelletier, Yannick"]
[Black "Morozevich, Alexander"]
[Result "0-1"]
[WhiteElo "2597"]
[BlackElo "2743"]
[Annotator "JvR"]
[PlyCount "79"]
[EventDate "2004.07.19"]
[SourceDate "2013.10.27"]

1. e4 e6 2. d4 d5 3. Nc3 dxe4 4. Nxe4 Nd7 5. Nf3 Ngf6 6. Bd3 c5 7. Nxf6+ Nxf6
8. dxc5 Bxc5 9. Qe2 O-O 10. Bg5 h6 11. h4 Qa5+ 12. Bd2 Qb6 13. O-O-O {
Morozevich prefers castling at the other side.} e5 $5 {He offers a pawn.} ({
Theory is} 13... Ng4) 14. Nxe5 Re8 15. Nc4 $2 ({Correct is} 15. Bc3) 15... Qa6
$1 16. Qf3 Bg4 17. Qg3 Qxa2 18. Bc3 Ne4 $6 (18... Rad8 $1 {wins easily.}) 19.
Bxe4 Rxe4 20. Nd2 $1 Rd4 $5 21. Bxd4 Bxd4 22. Qb3 $1 Qa1+ 23. Nb1 Bxd1 24. Rxd1
Bxf2 {Black has an extra pawn.} 25. Rd7 $1 Rf8 26. h5 $5 Qa5 27. Nc3 Qxh5 28.
Qxb7 Re8 29. Kb1 Bb6 30. Ka2 Qf5 31. Kb3 Re3 32. Qd5 Re5 33. Qd6 Rc5 34. Qe7
Rc8 35. Qd6 Re8 36. Qd5 Qg6 37. Ka2 Re3 38. Qa8+ Kh7 39. Qd5 Re6 40. Qd2 {
White's flag fell, when this move was carried out. The final standings became:
Morozevich 71/2/10, Sasikiran 6, Ponomariov, Pelletier and Bacrot 41/2,
McShane 3.} 0-1

[Event "Biel"]
[Site "38"]
[Date "2005.07.18"]
[Round "2"]
[White "Bauer, Christian"]
[Black "Gelfand, Boris"]
[Result "0-1"]
[WhiteElo "2641"]
[BlackElo "2724"]
[Annotator "JvR"]
[PlyCount "86"]
[EventDate "2005.07.17"]
[SourceDate "2013.10.27"]

{The thirty-eighth Schachfestival was played from 17 until 27 vii 2005. Six
grandmasters carried out double rounds. Gelfand had the highest rating.
Morozevich could not be afforded financially. Volokitin, Nakamura and Carlsen
were the youngsters.} 1. d4 d5 2. c4 c6 3. Nc3 Nf6 4. e3 e6 5. Nf3 Nbd7 6. a3
Bd6 7. b4 O-O 8. Bb2 Qe7 9. Qc2 a6 10. Bd3 dxc4 11. Bxc4 e5 12. Ba2 $5 ({
Known is} 12. Bb3) 12... Bc7 13. O-O exd4 14. exd4 Nb6 15. Rae1 Qd6 16. Re5 $5
{The chances are equal.} Qd8 17. Ree1 Nbd5 {Black avoids a repetition of moves.
} 18. Ne5 Nxc3 19. Bxc3 Nd5 $1 20. Bd2 Qd6 21. Bb1 $1 g6 {He threatens ..f6.}
22. Qc5 Be6 23. Qxd6 $5 ({More ambition shows} 23. f4) 23... Bxd6 24. Rc1 $6 {
White spoils time.} ({Preferable is} 24. f4) 24... Rad8 25. Rfe1 Rfe8 26. g3 $2
({Better is} 26. Nd3 $1 Nc7 27. Be3) 26... Nc7 $1 27. Nc4 $6 (27. Bc3 Nb5 28.
Bb2 {protects the weak pawns.}) 27... Nb5 28. Nxd6 Rxd6 29. Bf4 Rd7 30. Re3
Nxd4 {Black has gained a pawn.} 31. h4 f6 32. Rce1 Kf7 33. g4 $5 Ree7 34. g5
Bd5 35. Rxe7+ Rxe7 36. Rxe7+ Kxe7 37. gxf6+ Kxf6 38. Kf1 $2 (38. Kh2 Ke6 39.
Kh3 {lets the white king assist in the protection of the kingside.}) 38... Nf3
$1 39. h5 gxh5 40. Bxh7 h4 41. Bd3 h3 42. Be2 Kf5 43. Bg3 Bc4 $1 {
Gelfand scored an important win.} 0-1

[Event "Biel"]
[Site "38"]
[Date "2005.07.19"]
[Round "3"]
[White "Nakamura, Hikaru"]
[Black "Bauer, Christian"]
[Result "1-0"]
[WhiteElo "2660"]
[BlackElo "2641"]
[Annotator "JvR"]
[PlyCount "155"]
[EventDate "2005.07.17"]
[SourceDate "2013.10.27"]

1. e4 c5 2. Nf3 Nc6 3. d4 cxd4 4. Nxd4 Nf6 5. Nc3 d6 6. f3 e5 7. Nb3 Be6 8. Be3
Be7 9. Qe2 a5 10. Qb5 $5 ({Known is} 10. O-O-O) 10... O-O 11. O-O-O $1 (11.
Qxb7 $6 Bd7 $1 12. a3 a4 {favours Black.}) 11... Qb8 (11... Qc7 $5 {
will become a novelty.}) 12. Na4 Ra6 13. Kb1 Ne8 14. Nb6 $6 ({More solid is} 
14. Qd3) 14... a4 $1 15. Nd2 Bd8 16. Nd5 Ra5 17. Qe2 Bxd5 18. exd5 Rxd5 {
Black has gained a pawn.} 19. Qc4 Ra5 20. Ne4 Be7 $6 (20... Ne7 $1 21. Nc3 Nf6
22. Bg5 d5 {achieves an advantage.}) 21. Be2 a3 22. b3 Nf6 23. Bb6 Ra6 24. Bf2
Qc7 25. Nxf6+ Bxf6 26. Rd5 Ra5 27. Rhd1 Rxd5 28. Rxd5 Rc8 29. Bd3 g6 30. Be4
Kg7 31. Be3 Qe7 32. Bc1 Ra8 33. Rb5 Ra6 34. Be3 Qd7 35. Qd3 Qc7 36. c3 Ra8 37.
Qc4 Rc8 $6 (37... Ra6 {continues the protection of pawn a3.}) 38. Bc1 $1 Qd7 $5
({The pointe is} 38... Ra8 $6 39. Rxb7 $1 Qxb7 40. Bxc6) 39. Bxa3 {
White has regained the pawn and achieved a positional plus.} Nd8 40. Qd5 Rxc3
$2 (40... Be7 {defends pawn d6.}) 41. Qxd6 Qe8 $2 {
Exchange offers more resistance.} 42. Rb6 Ne6 43. Rxb7 {He has an extra pawn.}
h5 44. Rb8 Rc8 45. Rxc8 Qxc8 46. Bb2 Nd4 47. Qb4 Qa6 48. Qe1 h4 49. Qd1 Qb5 50.
f4 Qb6 51. fxe5 Bxe5 52. a4 f6 53. Ka2 Ne6 $6 54. Qd7+ $1 Kh6 55. Bc1+ $5 Bf4
56. Bxf4+ Nxf4 57. Qd2 g5 58. g3 Qe6 59. Bf3 Ng6 60. a5 Ne5 61. Bb7 hxg3 62.
hxg3 Qe7 63. Be4 Qc5 64. a6 f5 $5 65. Bxf5 Nc6 66. Qh2+ Kg7 67. Qh7+ Kf6 68.
Qg6+ Ke7 69. Qe6+ Kf8 70. Qf6+ Ke8 71. Bg6+ Kd7 72. Qf5+ Qxf5 73. Bxf5+ {
White has two extra pawns in a simple ending.} Kc7 74. Ka3 Kb6 75. Bd3 Ne5 76.
Be2 Nc6 77. g4 Nd4 78. Bd3 $1 {Nakamura joined the lead.} 1-0